| 000 | 00750nab a2200241 u 4500 | ||
|---|---|---|---|
| 001 | 17576 | ||
| 003 | HDC | ||
| 007 | cr bn ---aaaaa | ||
| 008 | 210224c20120424xx dr|noo 0 a eng d | ||
| 040 | _aHDC | ||
| 245 | 0 | _aMalaysian promotion in Oman | |
| 260 |
_a[No place] : _b[publisher not identified], _c2012 |
||
| 336 |
_atext _2rdacontent |
||
| 337 |
_acomputer _2rdamedia |
||
| 338 |
_aonline resource _2rdacarrier |
||
| 650 |
_abusiness _9207 |
||
| 650 |
_aentrepreneurs _951 |
||
| 710 | _aHalal focus | ||
| 856 | _zRequest full-text at [email protected] | ||
| 942 | _2lcc | ||
| 942 | _cNEWS | ||
| 942 | _kNWSO 005955 | ||
| 999 |
_c14892 _d14892 |
||